000 01161nam0a22002651 4500
001 rc\364024
005 20260406122027.0
010 _a5-02-024406-6
_9760
035 _a(NLR Aleph) 005594644
090 _a6248858
_c6248858
100 _a20030307d1989 |||y0rusy50 ca
101 0 _arus
102 _aRU
105 _aa |||||||||
200 1 _aСтруктурные исследования в областях раннего докембрия
_eСб. науч. тр.
_fАН СССР, Отд-ние геологии, геофизики, геохимии и горн. наук, Науч. совет по геологии докембрия
_gОтв. ред. А.Н. Казаков
210 _aЛ.
_cНаука. Ленингр. отд-ние
_d1989
215 _a287 с.
_cил.
_d22
320 _aБиблиогр. в конце ст.
702 1 _aКазаков
_bА.Н.
_gАнатолий Николаевич
_4340
712 0 2 _aАН СССР
_bНаучный совет по геологии докембрия
_3RU\NLR\AUTH\8814687
_9302683
801 0 _aRU
_bNLR
_gpsbo
801 1 _aRU
_bELAR
_2rusmarc
852 _aNLR
_j89-5/2440
942 _cBOOK
980 _aNB